| 000 | 00736nam a2200253 a 4500 | ||
|---|---|---|---|
| 001 | 23439 | ||
| 003 | CO-ViMGA | ||
| 008 | 141112s2004 ck r 000 u spa d | ||
| 015 | _ack - 2008 - xxxx | ||
| 020 | _a9789584515117 | ||
| 040 |
_aCO-ViMGA _bspa _cCO-ViMGA |
||
| 043 | _as - ck - - - | ||
| 082 | 0 | 4 | _aCo863.6 O764p |
| 100 | 1 |
_aOspina, William, 1954 - _933790 |
|
| 245 | 1 | 0 |
_aEl país de la canela / _cWilliam Ospina. |
| 250 | _a1a. ed. | ||
| 260 |
_aBogotá : _bNorma, _c2008. |
||
| 300 | _a369 p. ; 23 cm. | ||
| 490 | _aLa otra orilla | ||
| 650 | 1 | 4 |
_aNovela colombiana - Siglo XXI _92137 |
| 651 |
_aColombia - Descubrimiento y conquista - 1499 - 1550 - Novela _933791 |
||
| 917 | _a0351 20090213 | ||
| 942 |
_2ddc _cBK |
||
| 999 |
_c11655 _d11655 |
||